[Event "417 Stay Safe Play From Home series"]
[Site "Emanuel Lasker Arena"]
[Date "2020.08.28"]
[Round "3"]
[White "AChessPlayer"]
[Black "W Nelles"]
[Result "1-0"]
[WhiteElo "2266"]
[BlackElo "1200"]
[PlyCount "63"]
[EventDate "2020.08.28"]
[EventType "swiss (blitz)"]

1. Nf3 {[%emt 0:00:01]} d5 {[%emt 0:00:01]} 2. g3 {[%emt 0:00:00]} Bg4 {[%emt 0:00:01]} 3. Bg2 {[%emt 0:00:00]} Nc6 {[%emt 0:00:01]} 4. d4 {[%emt 0:00:01]} e6 {[%emt 0:00:02]} 5. Nbd2 {[%emt 0:00:01]} Bb4 {[%emt 0:00:01]} 6. c3 {[%emt 0:00:01]} Ba5 {[%emt 0:00:01]} 7. h3 {[%emt 0:00:00]} Bxf3 {[%emt 0:00:01]} 8. exf3 {[%emt 0:00:01]} Nf6 {[%emt 0:00:01]} 9. O-O {[%emt 0:00:00]} O-O {[%emt 0:00:01]} 10. f4 {[%emt 0:00:00]} Ne4 {[%emt 0:00:02]} 11. Nxe4 {[%emt 0:00:01]} dxe4 {[%emt 0:00:01]} 12. Bxe4 {[%emt 0:00:00]} f5 {[%emt 0:00:01]} 13. Bxc6 {[%emt 0:00:01]} bxc6 {[%emt 0:00:01]} 14. Qb3 {[%emt 0:00:00]} Qd5 {[%emt 0:00:02]} 15. Qc2 {[%emt 0:00:03]} Qe4 {[%emt 0:00:02]} 16. Qxe4 {[%emt 0:00:01]} fxe4 {[%emt 0:00:01]} 17. b4 {[%emt 0:00:00]} Bb6 {[%emt 0:00:02]} 18. a3 {[%emt 0:00:00]} a5 {[%emt 0:00:01]} 19. Rb1 {[%emt 0:00:00]} axb4 {[%emt 0:00:03]} 20. axb4 {[%emt 0:00:00]} Ra2 {[%emt 0:00:02]} 21. Re1 {[%emt 0:00:00]} Rfa8 {[%emt 0:00:05]} 22. Rxe4 {[%emt 0:00:00]} Rc2 {[%emt 0:00:02]} 23. Be3 {[%emt 0:00:08]} Rxc3 {[%emt 0:00:03]} 24. Rxe6 {[%emt 0:00:00]} Ra2 {[%emt 0:00:05]} 25. f5 {[%emt 0:00:04]} Kf7 {[%emt 0:00:01]} 26. g4 {[%emt 0:00:01]} Re2 {[%emt 0:00:06]} 27. Kf1 {[%emt 0:00:01]} Rec2 {[%emt 0:00:02]} 28. Re1 {[%emt 0:00:01]} Ra2 {[%emt 0:00:01]} 29. Bg5 {[%emt 0:00:01]} Rcc2 {[%emt 0:00:01]} 30. Re7+ {[%emt 0:00:01]} Kf8 {[%emt 0:00:02]} 31. Re8+ {[%emt 0:00:00]} Kf7 {[%emt 0:00:01]} 32. R1e7# {[%emt 0:00:00] (Lag: Av=0.86s, max=1.8s) (Lag: Av=0.86s, max=1.8s) (Lag: Av=0.86s, max=1.8s)} 1-0

[Event "417 Stay Safe Play From Home series"]
[Site "Emanuel Lasker Arena"]
[Date "2020.08.28"]
[Round "3"]
[White "Lazieri3"]
[Black "IceQueen"]
[Result "1/2-1/2"]
[WhiteElo "2120"]
[BlackElo "2380"]
[PlyCount "126"]
[EventDate "2020.08.28"]
[EventType "swiss (blitz)"]

1. e4 {[%emt 0:00:01]} b6 {[%emt 0:00:01]} 2. Nc3 {[%emt 0:00:00]} Bb7 {[%emt 0:00:00]} 3. d3 {[%emt 0:00:00]} e6 {[%emt 0:00:00]} 4. Nf3 {[%emt 0:00:00]} c5 {[%emt 0:00:00]} 5. Bg5 {[%emt 0:00:01]} Be7 {[%emt 0:00:01]} 6. Bxe7 {[%emt 0:00:01]} Nxe7 {[%emt 0:00:00]} 7. g3 {[%emt 0:00:01]} d5 {[%emt 0:00:00]} 8. Bg2 {[%emt 0:00:00]} O-O {[%emt 0:00:03]} 9. exd5 {[%emt 0:00:01]} Nxd5 {[%emt 0:00:01]} 10. Nxd5 {[%emt 0:00:01]} Bxd5 {[%emt 0:00:01]} 11. O-O {[%emt 0:00:01]} Nd7 {[%emt 0:00:02]} 12. d4 {[%emt 0:00:01]} c4 {[%emt 0:00:01]} 13. c3 {[%emt 0:00:01]} Nf6 {[%emt 0:00:01]} 14. Qe2 {[%emt 0:00:01]} b5 {[%emt 0:00:01]} 15. a3 {[%emt 0:00:01]} a5 {[%emt 0:00:01]} 16. Ng5 {[%emt 0:00:02]} Bxg2 {[%emt 0:00:01]} 17. Kxg2 {[%emt 0:00:00]} Qd5+ {[%emt 0:00:01]} 18. Nf3 {[%emt 0:00:03]} Rfb8 {[%emt 0:00:01]} 19. Qe5 {[%emt 0:00:02]} h6 {[%emt 0:00:02]} 20. Qxd5 {[%emt 0:00:01]} exd5 {[%emt 0:00:01]} 21. Ne5 {[%emt 0:00:01]} Ne4 {[%emt 0:00:01]} 22. f3 {[%emt 0:00:02]} Nd2 {[%emt 0:00:00]} 23. Rf2 {[%emt 0:00:01]} Nb3 {[%emt 0:00:00]} 24. Re1 {[%emt 0:00:01]} Re8 {[%emt 0:00:01]} 25. Rfe2 {[%emt 0:00:01]} f6 {[%emt 0:00:02]} 26. Nd7 {[%emt 0:00:02]} Rxe2+ {[%emt 0:00:00]} 27. Rxe2 {[%emt 0:00:01]} Kf7 {[%emt 0:00:00]} 28. Nc5 {[%emt 0:00:01]} b4 {[%emt 0:00:01]} 29. Nxb3 {[%emt 0:00:02]} cxb3 {[%emt 0:00:01]} 30. axb4 {[%emt 0:00:01]} axb4 {[%emt 0:00:00]} 31. cxb4 {[%emt 0:00:01]} Rb8 {[%emt 0:00:01]} 32. Re3 {[%emt 0:00:01]} Rxb4 {[%emt 0:00:00]} 33. Rd3 {[%emt 0:00:00]} Ke6 {[%emt 0:00:01]} 34. Kf2 {[%emt 0:00:01]} Kd6 {[%emt 0:00:00]} 35. Ke3 {[%emt 0:00:01]} Kc6 {[%emt 0:00:01]} 36. Kd2 {[%emt 0:00:01]} Kb5 {[%emt 0:00:00]} 37. Ke3 {[%emt 0:00:01]} Ka4 {[%emt 0:00:01]} 38. Rc3 {[%emt 0:00:00]} Rc4 {[%emt 0:00:07]} 39. Rxc4+ {[%emt 0:00:07]} dxc4 {[%emt 0:00:00]} 40. Kd2 {[%emt 0:00:00]} Kb4 {[%emt 0:00:01]} 41. f4 {[%emt 0:00:02]} g6 {[%emt 0:00:01]} 42. g4 {[%emt 0:00:02]} h5 {[%emt 0:00:03]} 43. f5 {[%emt 0:00:03]} gxf5 {[%emt 0:00:08]} 44. gxh5 {[%emt 0:00:01]} c3+ {[%emt 0:00:00]} 45. bxc3+ {[%emt 0:00:01]} Kc4 {[%emt 0:00:01]} 46. h6 {[%emt 0:00:00]} f4 {[%emt 0:00:00]} 47. h7 {[%emt 0:00:00]} f3 {[%emt 0:00:00]} 48. h8=Q {[%emt 0:00:00]} f2 {[%emt 0:00:00]} 49. Qc8+ {[%emt 0:00:01]} Kd5 {[%emt 0:00:01]} 50. Ke2 {[%emt 0:00:00]} b2 {[%emt 0:00:01]} 51. Qb8 {[%emt 0:00:01]} Ke6 {[%emt 0:00:00]} 52. Qxb2 {[%emt 0:00:01]} Kf5 {[%emt 0:00:00]} 53. Kxf2 {[%emt 0:00:00]} Kg5 {[%emt 0:00:00]} 54. Qe2 {[%emt 0:00:00]} Kg6 {[%emt 0:00:00]} 55. Qf3 {[%emt 0:00:00]} f5 {[%emt 0:00:00]} 56. Qf4 {[%emt 0:00:00]} Kf6 {[%emt 0:00:01]} 57. Kf3 {[%emt 0:00:00]} Kg6 {[%emt 0:00:01]} 58. d5 {[%emt 0:00:00]} Kf6 {[%emt 0:00:01]} 59. Qxf5+ {[%emt 0:00:00]} Kxf5 {[%emt 0:00:01]} 60. c4 {[%emt 0:00:00]} Ke5 {[%emt 0:00:02]} 61. h4 {[%emt 0:00:00]} Kd4 {[%emt 0:00:00]} 62. h5 {[%emt 0:00:00]} Kxc4 {[%emt 0:00:00]} 63. h6 {[%emt 0:00:00]} Kc3 {[%emt 0:00:00]} 1/2-1/2

[Event "417 Stay Safe Play From Home series"]
[Site "Emanuel Lasker Arena"]
[Date "2020.08.28"]
[Round "3"]
[White "TheCHESSHOUSE"]
[Black "Leopart"]
[Result "1-0"]
[WhiteElo "2049"]
[BlackElo "1620"]
[PlyCount "75"]
[EventDate "2020.08.28"]
[EventType "swiss (blitz)"]

1. d4 {[%emt 0:00:02]} d5 {[%emt 0:00:03]} 2. c4 {[%emt 0:00:01]} e6 {[%emt 0:00:02]} 3. cxd5 {[%emt 0:00:00]} exd5 {[%emt 0:00:01]} 4. Nc3 {[%emt 0:00:00]} Nf6 {[%emt 0:00:01]} 5. Nf3 {[%emt 0:00:01]} Be6 {[%emt 0:00:01]} 6. Bf4 {[%emt 0:00:00]} Bd6 {[%emt 0:00:01]} 7. Bxd6 {[%emt 0:00:01]} Qxd6 {[%emt 0:00:01]} 8. g3 {[%emt 0:00:02]} O-O {[%emt 0:00:01]} 9. Bg2 {[%emt 0:00:00]} h6 {[%emt 0:00:01]} 10. O-O {[%emt 0:00:00]} c6 {[%emt 0:00:02]} 11. Rc1 {[%emt 0:00:01]} Nbd7 {[%emt 0:00:01]} 12. Na4 {[%emt 0:00:00]} a6 {[%emt 0:00:03]} 13. Nc5 {[%emt 0:00:01]} Nxc5 {[%emt 0:00:01]} 14. Rxc5 {[%emt 0:00:01]} Kh7 {[%emt 0:00:02]} 15. Ne5 {[%emt 0:00:01]} Kg8 {[%emt 0:00:01]} 16. a3 {[%emt 0:00:01]} Kh7 {[%emt 0:00:01]} 17. b4 {[%emt 0:00:01]} Kg8 {[%emt 0:00:01]} 18. Qd3 {[%emt 0:00:00]} Kh8 {[%emt 0:00:01]} 19. Rfc1 {[%emt 0:00:03]} Kg8 {[%emt 0:00:01]} 20. a4 {[%emt 0:00:00]} Kh8 {[%emt 0:00:01]} 21. b5 {[%emt 0:00:00]} axb5 {[%emt 0:00:01]} 22. axb5 {[%emt 0:00:00]} Ra5 {[%emt 0:00:02]} 23. bxc6 {[%emt 0:00:01]} Rxc5 {[%emt 0:00:02]} 24. Rxc5 {[%emt 0:00:00]} b6 {[%emt 0:00:03]} 25. Rc1 {[%emt 0:00:01]} Rc8 {[%emt 0:00:03]} 26. h3 {[%emt 0:00:01]} Ne4 {[%emt 0:00:02]} 27. Bxe4 {[%emt 0:00:01]} dxe4 {[%emt 0:00:01]} 28. Qxe4 {[%emt 0:00:00]} f6 {[%emt 0:00:01]} 29. Ng6+ {[%emt 0:00:02]} Kg8 {[%emt 0:00:02]} 30. Nf4 {[%emt 0:00:01]} Bf7 {[%emt 0:00:03]} 31. d5 {[%emt 0:00:00]} Rc7 {[%emt 0:00:03]} 32. Kg2 {[%emt 0:00:01]} Kh8 {[%emt 0:00:01]} 33. h4 {[%emt 0:00:01]} Kg8 {[%emt 0:00:01]} 34. Ne6 {[%emt 0:00:01]} Kh8 {[%emt 0:00:02]} 35. Nxc7 {[%emt 0:00:01]} Qxc7 {[%emt 0:00:01]} 36. Qf4 {[%emt 0:00:00]} Qxf4 {[%emt 0:00:02]} 37. gxf4 {[%emt 0:00:01]} Bxd5+ {[%emt 0:00:01]} 38. Kg3 {[%emt 0:00:00] (Lag: Av=0.61s, max=1.3s) (Lag: Av=0.61s, max=1.3s) (Lag: Av=0.61s, max=1.3s)} 1-0

[Event "417 Stay Safe Play From Home series"]
[Site "Emanuel Lasker Arena"]
[Date "2020.08.28"]
[Round "3"]
[White "GMONIK"]
[Black "Fischer_11"]
[Result "1-0"]
[WhiteElo "1779"]
[BlackElo "2025"]
[Annotator "NA"]
[PlyCount "107"]
[EventDate "2020.08.28"]
[EventType "swiss (blitz)"]

1. e4 {[%emt 0:00:01]} Nf6 {[%emt 0:00:02]} 2. Nc3 {[%emt 0:00:00]} d5 {[%emt 0:00:01]} 3. e5 {[%emt 0:00:00]} Ne4 {[%emt 0:00:01]} 4. e6 {[%emt 0:00:00]} fxe6 {[%emt 0:00:03]} 5. Nxe4 {[%emt 0:00:01]} dxe4 {[%emt 0:00:01]} 6. Ne2 {[%emt 0:00:03]} e5 {[%emt 0:00:04]} 7. Nc3 {[%emt 0:00:00]} Bf5 {[%emt 0:00:01]} 8. Qe2 {[%emt 0:00:01]} Qd4 {[%emt 0:00:01]} 9. Nb5 {[%emt 0:00:02]} Qd7 {[%emt 0:00:04]} 10. Nc3 {[%emt 0:00:01]} Qc6 {[%emt 0:00:03]} 11. g3 {[%emt 0:00:02]} a6 {[%emt 0:00:03]} 12. Bg2 {[%emt 0:00:01]} Nd7 {[%emt 0:00:02]} 13. Bxe4 {[%emt 0:00:01]} Bxe4 {[%emt 0:00:01]} 14. Qxe4 {[%emt 0:00:01]} Qxe4+ {[%emt 0:00:01]} 15. Nxe4 {[%emt 0:00:00]} e6 {[%emt 0:00:00]} 16. O-O {[%emt 0:00:01]} Bd6 {[%emt 0:00:02]} 17. d3 {[%emt 0:00:01]} Ke7 {[%emt 0:00:01]} 18. Be3 {[%emt 0:00:00]} Nf6 {[%emt 0:00:02]} 19. Nxd6 {[%emt 0:00:02]} cxd6 {[%emt 0:00:01]} 20. h3 {[%emt 0:00:01]} d5 {[%emt 0:00:01]} 21. Kg2 {[%emt 0:00:01]} e4 {[%emt 0:00:00]} 22. Bg5 {[%emt 0:00:01]} exd3 {[%emt 0:00:01]} 23. Bxf6+ {[%emt 0:00:00]} gxf6 {[%emt 0:00:02]} 24. cxd3 {[%emt 0:00:00]} e5 {[%emt 0:00:01]} 25. Rac1 {[%emt 0:00:00]} Rac8 {[%emt 0:00:02]} 26. Rfe1 {[%emt 0:00:01]} Ke6 {[%emt 0:00:01]} 27. Kf3 {[%emt 0:00:00]} f5 {[%emt 0:00:01]} 28. Ke3 {[%emt 0:00:01]} e4 {[%emt 0:00:01]} 29. dxe4 {[%emt 0:00:02]} fxe4 {[%emt 0:00:01]} 30. Rc3 {[%emt 0:00:03]} Ke5 {[%emt 0:00:03]} 31. Rxc8 {[%emt 0:00:06]} d4+ {[%emt 0:00:03]} 32. Kd2 {[%emt 0:00:01]} Rxc8 {[%emt 0:00:01]} 33. Rc1 {[%emt 0:00:02]} Rxc1 {[%emt 0:00:02]} 34. Kxc1 {[%emt 0:00:00]} e3 {[%emt 0:00:01]} 35. fxe3 {[%emt 0:00:02]} dxe3 {[%emt 0:00:00]} 36. Kd1 {[%emt 0:00:00]} Ke4 {[%emt 0:00:00]} 37. Ke2 {[%emt 0:00:00]} h5 {[%emt 0:00:01]} 38. g4 {[%emt 0:00:01]} hxg4 {[%emt 0:00:01]} 39. hxg4 {[%emt 0:00:00]} Kf4 {[%emt 0:00:00]} 40. g5 {[%emt 0:00:01]} Kxg5 {[%emt 0:00:00]} 41. Kxe3 {[%emt 0:00:00]} Kf6 {[%emt 0:00:00]} 42. Kd4 {[%emt 0:00:00]} Ke7 {[%emt 0:00:01]} 43. Kc5 {[%emt 0:00:00]} Kd7 {[%emt 0:00:00]} 44. Kb6 {[%emt 0:00:00]} Kc8 {[%emt 0:00:00]} 45. a4 {[%emt 0:00:02]} Kb8 {[%emt 0:00:00]} 46. a5 {[%emt 0:00:00]} Ka8 {[%emt 0:00:00]} 47. b4 {[%emt 0:00:01]} Kb8 {[%emt 0:00:00]} 48. Kc5 {[%emt 0:00:02]} Kc7 {[%emt 0:00:01]} 49. Kd5 {[%emt 0:00:01]} Kd7 {[%emt 0:00:01]} 50. Ke5 {[%emt 0:00:01]} Kc7 {[%emt 0:00:00]} 51. Kd5 {[%emt 0:00:00]} Kd7 {[%emt 0:00:00]} 52. Kc5 {[%emt 0:00:00]} Kc7 {[%emt 0:00:01]} 53. b5 {[%emt 0:00:00]} Kd7 {[%emt 0:00:00]} 54. b6 {[%emt 0:00:01] Zeit Zeit Zeit (Lag: Av=0.38s, max=1.3s) (Lag: Av=0.38s, max=1.3s) (Lag: Av=0.38s, max=1.3s)} 1-0

[Event "417 Stay Safe Play From Home series"]
[Site "Emanuel Lasker Arena"]
[Date "2020.08.28"]
[Round "3"]
[White "KING o KONG"]
[Black "Klasman"]
[Result "0-1"]
[WhiteElo "954"]
[BlackElo "1311"]
[Annotator "NA"]
[PlyCount "54"]
[EventDate "2020.08.28"]
[EventType "swiss (blitz)"]

1. d3 {[%emt 0:00:01]} f5 {[%emt 0:00:01]} 2. e3 {[%emt 0:00:01]} e5 {[%emt 0:00:01]} 3. b3 {[%emt 0:00:03]} d5 {[%emt 0:00:01]} 4. Bb2 {[%emt 0:00:01]} Bd6 {[%emt 0:00:01]} 5. Be2 {[%emt 0:00:01]} c5 {[%emt 0:00:01]} 6. Bf3 {[%emt 0:00:01]} Nf6 {[%emt 0:00:02]} 7. Qe2 {[%emt 0:00:01]} Be6 {[%emt 0:00:01]} 8. h3 {[%emt 0:00:01]} Nc6 {[%emt 0:00:01]} 9. a3 {[%emt 0:00:02]} O-O {[%emt 0:00:03]} 10. Nd2 {[%emt 0:00:01]} Qc7 {[%emt 0:00:01]} 11. h4 {[%emt 0:00:02]} e4 {[%emt 0:00:01]} 12. dxe4 {[%emt 0:00:06]} fxe4 {[%emt 0:00:01]} 13. Bxe4 {[%emt 0:00:05]} dxe4 {[%emt 0:00:02]} 14. Nh3 {[%emt 0:00:01]} Ng4 {[%emt 0:00:03]} 15. f3 {[%emt 0:00:04]} Bg3+ {[%emt 0:00:03]} 16. Kd1 {[%emt 0:00:05]} exf3 {[%emt 0:00:02]} 17. Qxf3 {[%emt 0:00:03]} Rxf3 {[%emt 0:00:03]} 18. gxf3 {[%emt 0:00:02]} Nf2+ {[%emt 0:00:03]} 19. Nxf2 {[%emt 0:00:03]} Bxf2 {[%emt 0:00:01]} 20. Rf1 {[%emt 0:00:01]} Bxe3 {[%emt 0:00:01]} 21. Re1 {[%emt 0:00:02]} Qf4 {[%emt 0:00:01]} 22. Bc3 {[%emt 0:00:04]} Rd8 {[%emt 0:00:01]} 23. Kc1 {[%emt 0:00:02]} Bxd2+ {[%emt 0:00:01]} 24. Bxd2 {[%emt 0:00:02]} Qxd2+ {[%emt 0:00:02]} 25. Kb2 {[%emt 0:00:02]} Nd4 {[%emt 0:00:02]} 26. Rad1 {[%emt 0:00:01]} Qxc2+ {[%emt 0:00:01]} 27. Ka1 {[%emt 0:00:02]} Nxb3# {[%emt 0:00:01] Mate Mate Mate} 0-1

[Event "417 Stay Safe Play From Home series"]
[Site "Emanuel Lasker Arena"]
[Date "2020.08.28"]
[Round "4"]
[White "IceQueen"]
[Black "NTBT_DHS"]
[Result "1-0"]
[WhiteElo "2369"]
[BlackElo "2596"]
[PlyCount "97"]
[EventDate "2020.08.28"]
[EventType "swiss (blitz)"]

1. e4 {[%emt 0:00:01]} g6 {[%emt 0:00:01]} 2. d4 {[%emt 0:00:01]} Bg7 {[%emt 0:00:00]} 3. Nc3 {[%emt 0:00:00]} d6 {[%emt 0:00:00]} 4. h4 {[%emt 0:00:01]} Nf6 {[%emt 0:00:01]} 5. Be2 {[%emt 0:00:02]} h5 {[%emt 0:00:01]} 6. Bg5 {[%emt 0:00:01]} c6 {[%emt 0:00:01]} 7. Qd2 {[%emt 0:00:00]} b5 {[%emt 0:00:00]} 8. a3 {[%emt 0:00:02]} a5 {[%emt 0:00:01]} 9. Nf3 {[%emt 0:00:01]} Ba6 {[%emt 0:00:00]} 10. O-O {[%emt 0:00:01]} b4 {[%emt 0:00:01]} 11. axb4 {[%emt 0:00:01]} axb4 {[%emt 0:00:00]} 12. Bxa6 {[%emt 0:00:02]} bxc3 {[%emt 0:00:02]} 13. Qd3 {[%emt 0:00:01]} cxb2 {[%emt 0:00:01]} 14. Ra2 {[%emt 0:00:00]} Qb6 {[%emt 0:00:02]} 15. Bc4 {[%emt 0:00:03]} b1=Q {[%emt 0:00:04]} 16. Rxa8 {[%emt 0:00:01]} Q1b4 {[%emt 0:00:01]} 17. e5 {[%emt 0:00:03]} Nd5 {[%emt 0:00:05]} 18. e6 {[%emt 0:00:04]} f5 {[%emt 0:00:03]} 19. Bd2 {[%emt 0:00:07]} Qb2 {[%emt 0:00:04]} 20. Ng5 {[%emt 0:00:01]} O-O {[%emt 0:00:02]} 21. Bxd5 {[%emt 0:00:02]} cxd5 {[%emt 0:00:01]} 22. Qg3 {[%emt 0:00:00]} Q2xd4 {[%emt 0:00:02]} 23. Be3 {[%emt 0:00:04]} Qxe3 {[%emt 0:00:08]} 24. fxe3 {[%emt 0:00:00]} Be5 {[%emt 0:00:02]} 25. Qf3 {[%emt 0:00:01]} f4 {[%emt 0:00:01]} 26. Nf7 {[%emt 0:00:01]} Qxe3+ {[%emt 0:00:03]} 27. Qxe3 {[%emt 0:00:01]} fxe3 {[%emt 0:00:00]} 28. Nxe5 {[%emt 0:00:00]} Rxf1+ {[%emt 0:00:03]} 29. Kxf1 {[%emt 0:00:00]} dxe5 {[%emt 0:00:01]} 30. Rxb8+ {[%emt 0:00:01]} Kg7 {[%emt 0:00:00]} 31. Rb5 {[%emt 0:00:02]} Kf6 {[%emt 0:00:02]} 32. Rxd5 {[%emt 0:00:01]} Kxe6 {[%emt 0:00:00]} 33. Rd3 {[%emt 0:00:00]} Kf5 {[%emt 0:00:00]} 34. Rxe3 {[%emt 0:00:00]} e4 {[%emt 0:00:00]} 35. Rc3 {[%emt 0:00:01]} Kf4 {[%emt 0:00:00]} 36. Rc5 {[%emt 0:00:01]} Kg4 {[%emt 0:00:01]} 37. Re5 {[%emt 0:00:00]} Kxh4 {[%emt 0:00:00]} 38. Rxe4+ {[%emt 0:00:00]} Kg5 {[%emt 0:00:00]} 39. Rxe7 {[%emt 0:00:00]} Kf6 {[%emt 0:00:00]} 40. Re3 {[%emt 0:00:01]} g5 {[%emt 0:00:00]} 41. c4 {[%emt 0:00:00]} h4 {[%emt 0:00:00]} 42. c5 {[%emt 0:00:00]} Kf5 {[%emt 0:00:00]} 43. c6 {[%emt 0:00:01]} Kf4 {[%emt 0:00:00]} 44. Rb3 {[%emt 0:00:01]} Kg4 {[%emt 0:00:00]} 45. c7 {[%emt 0:00:01]} Kf4 {[%emt 0:00:00]} 46. c8=Q {[%emt 0:00:00]} g4 {[%emt 0:00:00]} 47. Rb4+ {[%emt 0:00:00]} Kg3 {[%emt 0:00:00]} 48. Qxg4+ {[%emt 0:00:01]} Kh2 {[%emt 0:00:00]} 49. Qh3# {[%emt 0:00:01] (Lag: Av=0.57s, max=1.2s) (Lag: Av=0.57s, max=1.2s) (Lag: Av=0.57s, max=1.2s)} 1-0

[Event "417 Stay Safe Play From Home series"]
[Site "Emanuel Lasker Arena"]
[Date "2020.08.28"]
[Round "4"]
[White "Hickey"]
[Black "GMONIK"]
[Result "1-0"]
[WhiteElo "2329"]
[BlackElo "1807"]
[PlyCount "31"]
[EventDate "2020.08.28"]
[EventType "swiss (blitz)"]

1. Nf3 {[%emt 0:00:01]} e6 {[%emt 0:00:00]} 2. g3 {[%emt 0:00:00]} d5 {[%emt 0:00:01]} 3. Bg2 {[%emt 0:00:00]} Nf6 {[%emt 0:00:00]} 4. O-O {[%emt 0:00:00]} Bd6 {[%emt 0:00:00]} 5. b3 {[%emt 0:00:00]} c6 {[%emt 0:00:00]} 6. Bb2 {[%emt 0:00:00]} Qc7 {[%emt 0:00:00]} 7. d3 {[%emt 0:00:00]} Nbd7 {[%emt 0:00:00]} 8. Nbd2 {[%emt 0:00:00]} b6 {[%emt 0:00:00]} 9. e4 {[%emt 0:00:00]} Bb7 {[%emt 0:00:00]} 10. Re1 {[%emt 0:00:01]} dxe4 {[%emt 0:00:03]} 11. Nxe4 {[%emt 0:00:01]} e5 {[%emt 0:00:00]} 12. Nxd6+ {[%emt 0:00:01]} Qxd6 {[%emt 0:00:01]} 13. Nxe5 {[%emt 0:00:00]} Nxe5 {[%emt 0:00:01]} 14. Bxe5 {[%emt 0:00:00]} Qd7 {[%emt 0:00:01]} 15. Bxf6+ {[%emt 0:00:00]} Qe7 {[%emt 0:00:02]} 16. Bxe7 {[%emt 0:00:00] GMONIK abbandona GMONIK abbandona GMONIK abbandona (Lag: Av=0.53s, max=0.7s) (Lag: Av=0.53s, max=0.7s) (Lag: Av=0.53s, max=0.7s)} 1-0

[Event "417 Stay Safe Play From Home series"]
[Site "Emanuel Lasker Arena"]
[Date "2020.08.28"]
[Round "4"]
[White "Nguyen Hong Anh"]
[Black "TheCHESSHOUSE"]
[Result "1-0"]
[WhiteElo "2298"]
[BlackElo "2052"]
[PlyCount "83"]
[EventDate "2020.08.28"]
[EventType "swiss (blitz)"]

1. d4 {[%emt 0:00:02]} g6 {[%emt 0:00:00]} 2. c4 {[%emt 0:00:05]} Bg7 {[%emt 0:00:00]} 3. Nf3 {[%emt 0:00:01]} d6 {[%emt 0:00:00]} 4. g3 {[%emt 0:00:00]} Nf6 {[%emt 0:00:01]} 5. Bg2 {[%emt 0:00:00]} O-O {[%emt 0:00:01]} 6. O-O {[%emt 0:00:00] TheCHESSHOUSE offers a draw} Nc6 {[%emt 0:00:02]} 7. d5 {[%emt 0:00:01]} Na5 {[%emt 0:00:01]} 8. Nfd2 {[%emt 0:00:00]} c5 {[%emt 0:00:01]} 9. Nc3 {[%emt 0:00:01]} a6 {[%emt 0:00:03]} 10. Qc2 {[%emt 0:00:00]} Rb8 {[%emt 0:00:01]} 11. b3 {[%emt 0:00:00]} b5 {[%emt 0:00:01]} 12. Bb2 {[%emt 0:00:00]} Bd7 {[%emt 0:00:01]} 13. Nd1 {[%emt 0:00:03]} Qb6 {[%emt 0:00:02]} 14. e4 {[%emt 0:00:02]} bxc4 {[%emt 0:00:01]} 15. bxc4 {[%emt 0:00:01]} Qb4 {[%emt 0:00:04]} 16. Bc3 {[%emt 0:00:01]} Qb6 {[%emt 0:00:02]} 17. e5 {[%emt 0:00:02]} dxe5 {[%emt 0:00:01]} 18. Bxe5 {[%emt 0:00:01]} Rb7 {[%emt 0:00:01]} 19. Ne3 {[%emt 0:00:01]} e6 {[%emt 0:00:06]} 20. Rab1 {[%emt 0:00:03]} Qd8 {[%emt 0:00:03]} 21. Bc3 {[%emt 0:00:01]} exd5 {[%emt 0:00:02]} 22. Nxd5 {[%emt 0:00:02]} Rxb1 {[%emt 0:00:01]} 23. Rxb1 {[%emt 0:00:02]} Nxd5 {[%emt 0:00:00]} 24. Bxd5 {[%emt 0:00:01]} Be6 {[%emt 0:00:03]} 25. Bxg7 {[%emt 0:00:02]} Kxg7 {[%emt 0:00:01]} 26. Qc3+ {[%emt 0:00:01]} Kg8 {[%emt 0:00:01]} 27. Ne4 {[%emt 0:00:01]} Bxd5 {[%emt 0:00:10]} 28. Nf6+ {[%emt 0:00:01]} Kg7 {[%emt 0:00:00]} 29. Ne8+ {[%emt 0:00:01]} Kh6 {[%emt 0:00:01]} 30. Qg7+ {[%emt 0:00:01]} Kg5 {[%emt 0:00:01]} 31. Qe5+ {[%emt 0:00:02]} f5 {[%emt 0:00:01]} 32. Qf4+ {[%emt 0:00:04]} Kh5 {[%emt 0:00:01]} 33. Qh4+ {[%emt 0:00:01]} Qxh4 {[%emt 0:00:01]} 34. gxh4 {[%emt 0:00:01]} Rxe8 {[%emt 0:00:01]} 35. cxd5 {[%emt 0:00:01]} Rd8 {[%emt 0:00:00]} 36. Rd1 {[%emt 0:00:03]} Nc4 {[%emt 0:00:00]} 37. Rc1 {[%emt 0:00:01]} Nd6 {[%emt 0:00:00]} 38. Rxc5 {[%emt 0:00:01]} Ne4 {[%emt 0:00:01]} 39. Rc7 {[%emt 0:00:01]} Rd6 {[%emt 0:00:00]} 40. Rxh7+ {[%emt 0:00:01]} Kg4 {[%emt 0:00:00]} 41. Kg2 {[%emt 0:00:01]} Nf6 {[%emt 0:00:00]} 42. f3+ {[%emt 0:00:01] Time Time Time (Lag: Av=0.82s, max=1.4s) (Lag: Av=0.82s, max=1.4s) (Lag: Av=0.82s, max=1.4s)} 1-0

[Event "417 Stay Safe Play From Home series"]
[Site "Emanuel Lasker Arena"]
[Date "2020.08.28"]
[Round "4"]
[White "Lazieri3"]
[Black "Tran Minh Thang"]
[Result "0-1"]
[WhiteElo "2131"]
[BlackElo "2465"]
[PlyCount "62"]
[EventDate "2020.08.28"]
[EventType "swiss (blitz)"]

1. e4 {[%emt 0:00:02]} c5 {[%emt 0:00:03]} 2. Nc3 {[%emt 0:00:00]} a6 {[%emt 0:00:01]} 3. Nf3 {[%emt 0:00:00]} e6 {[%emt 0:00:00]} 4. d3 {[%emt 0:00:00]} b5 {[%emt 0:00:01]} 5. Bg5 {[%emt 0:00:01]} Be7 {[%emt 0:00:01]} 6. Bxe7 {[%emt 0:00:01]} Nxe7 {[%emt 0:00:00]} 7. g3 {[%emt 0:00:00]} Bb7 {[%emt 0:00:00]} 8. Bg2 {[%emt 0:00:00]} d5 {[%emt 0:00:00]} 9. exd5 {[%emt 0:00:01]} Nxd5 {[%emt 0:00:00]} 10. Nxd5 {[%emt 0:00:01]} Qxd5 {[%emt 0:00:01]} 11. O-O {[%emt 0:00:00]} O-O {[%emt 0:00:01]} 12. Nh4 {[%emt 0:00:01]} Qd7 {[%emt 0:00:01]} 13. Bxb7 {[%emt 0:00:01]} Qxb7 {[%emt 0:00:00]} 14. Qf3 {[%emt 0:00:00]} Nc6 {[%emt 0:00:00]} 15. Rfe1 {[%emt 0:00:02]} Qc7 {[%emt 0:00:00]} 16. Ng2 {[%emt 0:00:02]} Nd4 {[%emt 0:00:00]} 17. Qd1 {[%emt 0:00:00]} Qc6 {[%emt 0:00:00]} 18. c3 {[%emt 0:00:04]} Nf3+ {[%emt 0:00:01]} 19. Kh1 {[%emt 0:00:01]} Nxe1 {[%emt 0:00:00]} 20. Qxe1 {[%emt 0:00:02]} Rad8 {[%emt 0:00:00]} 21. Rc1 {[%emt 0:00:00]} Rxd3 {[%emt 0:00:01]} 22. Kg1 {[%emt 0:00:00]} Rfd8 {[%emt 0:00:01]} 23. Nf4 {[%emt 0:00:01]} Rd2 {[%emt 0:00:01]} 24. b4 {[%emt 0:00:02]} Qf3 {[%emt 0:00:01]} 25. bxc5 {[%emt 0:00:04]} Rd1 {[%emt 0:00:00]} 26. c6 {[%emt 0:00:08]} Rxe1+ {[%emt 0:00:01]} 27. Rxe1 {[%emt 0:00:00]} Qxc6 {[%emt 0:00:02]} 28. h4 {[%emt 0:00:01]} Qxc3 {[%emt 0:00:01]} 29. Re2 {[%emt 0:00:02]} Rd1+ {[%emt 0:00:01]} 30. Kh2 {[%emt 0:00:00]} Qf3 {[%emt 0:00:01]} 31. Ng2 {[%emt 0:00:03]} Qxe2 {[%emt 0:00:01] Lazieri3 resigns Lazieri3 resigns Lazieri3 resigns (Lag: Av=0.70s, max=1.1s) (Lag: Av=0.70s, max=1.1s) (Lag: Av=0.70s, max=1.1s)} 0-1